ბათუმის შოთა რუსთაველის სახელმწიფო უნივერსიტეტის ბიბლიოთეკა

ჩანაწერი Personal Name

ჩანაწერთა რაოდენობა, რომელიც გამოყენებულია: 4

001 - CONTROL NUMBER

  • control field: 2765

003 - CONTROL NUMBER IDENTIFIER

  • control field: GE_BSU

005 - DATE AND TIME OF LATEST TRANSACTION

  • control field: 20190621184101.0

008 - FIXED-LENGTH DATA ELEMENTS

  • fixed length control field: 190621|| aca||aabn | a|a d

040 ## - CATALOGING SOURCE

  • Original cataloging agency: GE_BSU
  • Transcribing agency: GE_BSU

100 ## - HEADING--PERSONAL NAME

  • Personal name: მერაბიშვილი, პ
  • Relator term: შემდგენელი

670 ## - SOURCE DATA FOUND

  • Source citation: Work cat.: (GE_BSU)39834: ლაბორატორიული სამუშაოები ელექტროტექნიკისა და ელექტრონიკის საფუძვლებში : მეორე ნაწილი :